"Asrın dönemecinde denizciliğimiz" (Record no. 856)

MARC details
000 -BAŞLIK
Sabit Uzunlukta Kontrol Alanı 00721na a2200241 4500
001 - KONTROL NUMARASI
Denetim Alanı 19845
003 - KONTROL NUMARASI IDENTIFIER
Denetim Alanı MIRAKIL
005 - SON İŞLEM TARİHİ VE ZAMANI
Denetim Alanı 20181213154803.0
008 - SABİT-BOY VERİ ELEMANLARI - GENEL BİLGİLER
Sabit Uzunlukta Kontrol Alanı 161227b tu 000 0
020 ## - ULUSLARARASI STANDART KİTAP NUMARASI
Uluslararası Standart Kitap Numarası 9755121765
040 ## - KATALOGLAMA KAYNAK
Orijinal Kataloglama Ajansı Milas
Kataloglama Dili tur
Metne Dönüştürmek Ajansı TR-AnCHP
041 ## - DİL KODU
Metin / Ses Parça Veya Ayrı Başlığın Dil Kodu tur
082 ## - DEWEY ONLU SINIFLANDIRMA NUMARASI
Sınıflandırma Numarası 623.8809561
Ürün Numarası A76 1993
090 ## - SINIFLAMA NUMARASI
Sınıflama Numarası 623.8809561 A76 1993
111 ## - ANA GİRİŞ - TOPLANTI ADI
Giriş Elemanı Olarak Toplantı Adı Veya Yargı Alanı Adı Asrın Dönemecinde Denizciliğimiz
Toplantının Yeri Ankara
Toplantı Veya Antlaşma İmzalandığı Tarihi 1993
245 ## - BAŞLIK TABLOSU
Başlık "Asrın dönemecinde denizciliğimiz"
Başlığın Kalan Sempozyum-panel 23 Aralık Ankara
Sorumluluk Tablosu, Vb Deniz Ticaret Odası
260 ## - YAYIN, DAĞITIM, VB
Yayın, Dağıtım, Vb Yeri İstanbul
Yayıncı, Dağıtıcı, Vs Adı DTO
Yayın, Dağıtım, Vb Tarihi 1994
300 ## - FİZİKSEL TANIM
Kapsam 136 s.
Diğer Fiziksel Ayrıntıları tbl.
Boyutlar 25 sm.
490 ## - SERİSİ TABLOSU
Seri Beyanı Deniz Ticaret Odası Yayın No
Hacim / Ardışık Tanımı 34
650 ## - KONU KATMA GİRİŞ - TOPİKAL DÖNEM
Topikal Süreli Veya Coğrafi Ad Giriş Elemanı Denizcilik
Genel Alt Bölümü Tarih
Coğrafi Alt Bölümü Türkiye
710 ## - KATMA GİRİŞ - KURUMSAL ADI
Giriş Elemanı Olarak Kurumsal Ad Veya Yargı Alanı Adı DTO
942 ## - EKLENDİ GİRİŞ ELEMANLARI (KOHA)
Sınıflandırma Veya Raf Düzeni Kaynak Dewey Decimal Classification
Koha Öğesi Türü Books
999 ## - SİSTEM KONTROL NUMARALARI (KOHA)
Koha Biblionumber 856
Koha Biblioitemnumber 856
Holdings
Kalıcı Konum Mevcut Konum Edinme Tarihi Edinim Kaynak Toplam Check-Out'Lar Tam Çağrı Numarası Barkod Tarih Son Görülme İtibaren Geçerli Fiyatlar Koha Öğesi Türü
CHP Kütüphanesi CHP Kütüphanesi 12/27/2016 Bağış   623.8809561 A76 1993 010326 12/27/2016 12/27/2016 Books